_Navy (Record no. 12564)
[ view plain ]
| 000 -LEADER | |
|---|---|
| fixed length control field | 00398nam a2200133Ia 4500 |
| 008 - FIXED-LENGTH DATA ELEMENTS--GENERAL INFORMATION | |
| fixed length control field | 151021s9999 xx 000 0 und d |
| 020 ## - INTERNATIONAL STANDARD BOOK NUMBER | |
| International Standard Book Number | 1583880313 |
| 050 ## - LIBRARY OF CONGRESS CALL NUMBER | |
| Classification number | TL 215 .F7 K556 2000 |
| 245 ## - TITLE STATEMENT | |
| Title | _Navy |
| -- | arine Corps Fire apparatus 1836-2000 Photo Gallery |
| 260 ## - PUBLICATION, DISTRIBUTION, ETC. (IMPRINT) | |
| Place of publication, distribution, etc. | U.S.A Iconografix 2000 |
| 300 ## - PHYSICAL DESCRIPTION | |
| Extent | 222p,;Ill |
| 650 ## - SUBJECT ADDED ENTRY--TOPICAL TERM | |
| Topical term or geographic name as entry element | _Marine Photo Gallery |
| 980 ## - EQUIVALENCE OR CROSS-REFERENCE-SERIES STATEMENT--PERSONAL NAME/TITLE [LOCAL, CANADA] | |
| Personal name | ^d20120828 11:18:42^okorir |
No items available.